000 00990cam a22003011 4500
999 _c126063
_d126063
001 7725098
003 ARRUPE
005 20170220074537.0
008 770715s1762 enkbf 000 0 eng
010 _a 02000651
035 _a(OCoLC)3118976
040 _aDLC
_cAzU
_dOCoLC
_dDLC
042 _apremarc
050 0 0 _aSPC BV2290.L816
100 _aLockman, John (ed.)
_928665
245 0 0 _aTravels of the Jesuits, into various parts of the world:
_cedited by Lockman, John
250 _a2d ed. cor.
260 _aLondon
_bJohn Noon
_c1743
300 _axxii, 486p.;
_c20 cm.
651 0 _aChina
_xDescription and travel.
_921719
651 0 _aIndochina
_xDescription and travel.
_928666
651 0 _aAmerica
_xDescription and travel.
_928667
700 1 _aLockman, John,
_d1698-1771,
_etr.
_928668
710 2 _aJesuits.
_tLetters from missions.
_928669
740 0 _aLettres édifiantes et curieuses.
906 _a7
_bcbc
_coclcrpl
_du
_encip
_f19
_gy-gencatlg
942 _2lcc
_cSPC